| 000 | 01286nam a2200349 c 4500 | ||
|---|---|---|---|
| 003 | BLK | ||
| 005 | 20250404171223.0 | ||
| 008 | 180409b bul|||||r ||||||| ||bul|| | ||
| 010 | _aKNG00136466000 | ||
| 040 | _aBLK | ||
| 041 |
_aBUL _cBUL |
||
| 072 | 7 |
_2bullib _aН83 _xЧужда художествена литература Н |
|
| 080 |
_aАмериканска литература (на САЩ) _b821.111(73) _x-31 _z821.111(73)-31 |
||
| 100 | 1 |
_aГерлак, Кари _eпърви автор _953597 |
|
| 700 |
_aПрошкова, Весела Богомилова _d1950- _9365223 |
||
| 139 |
_aГерлак, Кари _bГ 39 |
||
| 245 | 1 | 0 |
_aРазбий ги, Емили _bРоман _cКари Герлак; прев. Весела Богомилова Прошкова. |
| 257 | _aUSA | ||
| 260 |
_аСофия _bЕра _c2004 _fСофия : Експреспринт |
||
| 300 |
_a272 с. _c20 см |
||
| 380 | _aX | ||
| 500 | _aОриг. загл. Emily's Reasons Why Not / Carrie Gerlach. - Офс. изд. | ||
| 653 | _aромани | ||
| 653 | _aчиклит | ||
| 659 | _aН | ||
| 852 | _aЦб 256909 | ||
| 856 | 4 |
_qpdf _u |
|
| 856 | 4 |
_qpdf _u |
|
| 942 |
_cKNG _n0 _07 |
||
| 944 |
_aCR _c26.11.2012 _lЦветелина Шанова _k30531 |
||
| 944 |
_aED _c04.03.2013 _lф / _k |
||
| 999 |
_c130678 _d130678 |
||